00545 a2200145 4500001001000000005001700010008004100027245013000068100002200198700003000220700002000250700002400270773008800294999001700382ART_4605720260410161731.0260409a 10aConsideraciones sobre la aplicación por primera vez de la NIIF para las PYMESen entes pequeños y medianos de la Argentina1 aRondi, Gustavo R.1 aCasal, María del Carmen1 aGómez, Melisa1 aGalante, Marcelo J.0 tEscritos contables y de administracióng- Vol. 6, Nº 1 (ene./jun. 2015)wREV2758 c17845d17845